[Event "Prague Summer op-B 4th"]
[Site "Prague"]
[Date "2017.08.08"]
[Round "6"]
[White "Modi, Yashil"]
[Black "Klyuev, Vasily"]
[Result "1/2-1/2"]
[WhiteElo "1687"]
[BlackElo "1921"]
[PlyCount "23"]
[EventDate "2017.08.04"]
[EventType "swiss"]
[EventRounds "9"]
[EventCountry "CZE"]
[SourceTitle "EXT 2019"]
[Source "ChessBase"]
[SourceDate "2018.10.10"]
[SourceVersion "1"]
[SourceVersionDate "2018.10.10"]
[SourceQuality "1"]

1. d4 d5 2. c4 e6 3. Nf3 Nf6 4. g3 Be7 5. Bg2 0-0 6. 0-0 dxc4 7. Qc2 c5 8. Rd1 Qb6 9. Na3 cxd4 10. Nxc4 Qc5 11. b4 Qf5 12. Qxf5 1/2-1/2

[Event "Prague Summer op-B 4th"]
[Site "Prague"]
[Date "2017.08.05"]
[Round "2"]
[White "Melkevik, Egil"]
[Black "Klyuev, Vasily"]
[Result "0-1"]
[WhiteElo "1690"]
[BlackElo "1921"]
[PlyCount "80"]
[EventDate "2017.08.04"]
[EventType "swiss"]
[EventRounds "9"]
[EventCountry "CZE"]
[SourceTitle "EXT 2019"]
[Source "ChessBase"]
[SourceDate "2018.10.10"]
[SourceVersion "1"]
[SourceVersionDate "2018.10.10"]
[SourceQuality "1"]

1. e4 c5 2. Nf3 Nc6 3. d3 g6 4. c3 Bg7 5. Be2 Nf6 6. Nbd2 d5 7. Qc2 e6 8. Nf1 0-0 9. h3 Qc7 10. g4 h5 11. N3h2 b6 12. gxh5 Nxh5 13. Bxh5 gxh5 14. Qe2 dxe4 15. dxe4 Ne5 16. Nf3 Ba6 17. Qxa6 Nxf3+ 18. Ke2 Nh4 19. Qd3 Ng6 20. Qe3 h4 21. Qg5 Rfd8 22. Nd2 Qd6 23. Rg1 Qd3+ 24. Ke1 Qxh3 25. Nf1 Bxc3+ 26. Bd2 Bxb2 27. Rb1 Qa3 28. Qxh4 Qxa2 29. Rd1 Qa4 30. Ne3 Bg7 31. Qh5 Qxe4 32. Rg4 Qf3 33. Qh2 e5 34. Rg3 Qe4 35. f3 Qh4 36. Qg1 Bh6 37. Nf5 Bxd2+ 38. Rxd2 Qf6 39. Nh6+ Kh8 40. Ng4 Qf5 0-1